Top 15 African Countries by Highest Point - Statistics

General Stats
  • This quiz has been taken 28 times
  • The average score is 12 of 15
Answer Stats
Height Country % Correct
5,110 m (16,765 ft) D. R. Congo
96%
4,550 m (14,928 ft) Ethiopia
91%
5,199 m (17,057 ft) Kenya
91%
4,165 m (13,665 ft) Morocco
91%
3,450 m (11,319 ft) South Africa
91%
5,892 m (19,331 ft) Tanzania
91%
3,482 m (11,424 ft) Lesotho
87%
5,110 m (16,765 ft) Uganda
87%
4,507 m (14,787 ft) Rwanda
83%
3,445 m (11,302 ft) Chad
78%
3,018 m (9,902 ft) Eritrea
74%
4,040 m (13,255 ft) Cameroon
70%
3,187 m (10,456 ft) South Sudan
70%
3,042 m (9,980 ft) Sudan
70%
3,008 m (9,869 ft) Equatorial Guinea
48%
No matching quizzes found
Score Distribution
Percent of People with Each Score
Percentile by Number Answered
Your Score History
You have not taken this quiz